000
00282nam a2200109Ia 4500
008
200302s9999 xx 000 0 und d
100
_a
Carles Broto
245
_a
Big Possibilities in Small Dimensions
260
_b
Page One Publishing Pvt., Ltd.,
260
_c
2007
300
_a
238 P.,
999
_c
5178
_d
5178